Normal view
MARC view
Entry Topical Term
001 - CONTROL NUMBER
- control field: 12394
003 - CONTROL NUMBER IDENTIFIER
- control field: BD-RjUL
005 - DATE AND TIME OF LATEST TRANSACTION
- control field: 20240318134613.0
008 - FIXED-LENGTH DATA ELEMENTS
- fixed length control field: 240318|| aca||aabn | a|a d
040 ## - CATALOGING SOURCE
- Original cataloging agency: BD-RjUL
- Transcribing agency: BD-RjUL
150 ## - HEADING--TOPICAL TERM
- Topical term or geographic name entry element: Urdu Essay
670 ## - SOURCE DATA FOUND
- Source citation: Work cat.: (BD-RjUL)83385: Abdul Majid, ;; عبد الماجد., 1892-1977. 12393, مقالات ماجد / Maqālāt-i Mājid :, [1956?]